[Event "Titled Tuesday intern op 16th Nov"]
[Site "Chess.com INT"]
[Date "2021.11.16"]
[Round "5"]
[White "Goltseva, Ekaterina"]
[Black "Skurikhin, Dmitrij"]
[Result "1-0"]
[WhiteElo "2304"]
[BlackElo "2297"]
[PlyCount "127"]
[EventDate "2021.11.16"]
[EventType "swiss (blitz)"]
[EventRounds "11"]
[EventCountry "USA"]
[SourceTitle "CBM 205 Extra"]
[Source "ChessBase"]
[SourceDate "2022.01.31"]
[SourceVersion "1"]
[SourceVersionDate "2022.01.31"]
[SourceQuality "1"]

1. d4 d5 2. c4 c6 3. cxd5 cxd5 4. Bf4 Nc6 5. e3 Nf6 6. Nc3 Bg4 7. f3 Bf5 8. Qb3 Na5 9. Qa4+ Bd7 10. Qc2 Rc8 11. Bd3 Nc6 12. a3 h6 13. Nge2 Nh5 14. Bg3 Nxg3 15. hxg3 e5 16. Qb3 exd4 17. exd4 Bd6 18. Qxd5 Be6 19. Qh5 Bb3 20. 0-0 g6 21. Qg4 h5 22. Qe4+ Kf8 23. f4 Qf6 24. Nd5 Bxd5 25. Qxd5 Rd8 26. Rad1 Bxa3 27. Qb3 Be7 28. Be4 Nxd4 29. Nxd4 Rxd4 30. Qxb7 Rb4 31. Qd5 Rxb2 32. f5 g5 33. Rb1 Qb6+ 34. Kh2 Bf6 35. Rxb2 Qxb2 36. Rb1 Qd4 37. Rb7 Qxd5 38. Bxd5 Be7 39. f6 Bd8 40. Rxf7+ Ke8 41. Rxa7 Rh6 42. f7+ Kf8 43. Rd7 Bf6 44. Rd6 Bg7 45. Rd8+ Ke7 46. Re8+ Kd6 47. Bb3 Rf6 48. Rg8 Bh6 49. Rh8 Ke7 50. Re8+ Kd6 51. Rh8 Ke7 52. Kh3 Rb6 53. Bc4 Rc6 54. Re8+ Kd6 55. Bb3 Rb6 56. Bd1 g4+ 57. Kh2 Rb1 58. Bc2 Rb2 59. Bg6 Rf2 60. Bxh5 Bg7 61. Rg8 Bh6 62. Rg6+ Ke7 63. Rxh6 Rxf7 64. Bxf7 1-0